Introduction to real analysis (Record no. 57605)

MARC details
000 -LEADER
fixed length control field 01525nam a2200289Ia 4500
003 - CONTROL NUMBER IDENTIFIER
control field OSt
005 - DATE AND TIME OF LATEST TRANSACTION
control field 20251204100937.0
008 - FIXED-LENGTH DATA ELEMENTS--GENERAL INFORMATION
fixed length control field 220909b |||||||| |||| 00| 0 eng d
020 ## - INTERNATIONAL STANDARD BOOK NUMBER
International Standard Book Number 0471321486
037 ## - SOURCE OF ACQUISITION
Terms of availability Textual
040 ## - CATALOGING SOURCE
Original cataloging agency CSL
Language of cataloging eng
Transcribing agency CSL
041 ## - LANGUAGE CODE
Language code of text/sound track or separate title eng
084 ## - COLON CLASSIFICATION NUMBER
Classification number B37 P0
Assigning agency CSL
100 ## - MAIN ENTRY--PERSONAL NAME
Personal name Bartle, Robert G.
9 (RLIN) 854358
245 #0 - TITLE STATEMENT
Title Introduction to real analysis
250 ## - EDITION STATEMENT
Edition statement 3rd
260 ## - PUBLICATION, DISTRIBUTION, ETC.
Place of publication, distribution, etc. New York,
Date of publication, distribution, etc. 2000.
Name of publisher, distributor, etc. John Wiley Sons, Inc:
300 ## - PHYSICAL DESCRIPTION
Extent xi, 388p.
Dimensions : ill.
500 ## - GENERAL NOTE
General note Appendix A-E, 334-356p.; Bibliographical references 357p.; Index 381-388p.
520 ## - SUMMARY, ETC.
Summary, etc. In recent years, mathematics has become valuable in many areas, including economics and management science as well as the physical sciences, engineering and computer science. Therefore, this book provides the fundamental concepts and techniques of real analysis for readers in all of these areas. It helps one develop the ability to think deductively, analyze mathematical situations and extend ideas to a new context. Like the first two editions, this edition maintains the same spirit and user--friendly approach with some streamlined arguments, a few new examples, rearranged topics, and a new chapter on the Generalized Riemann Integral.
650 ## - SUBJECT ADDED ENTRY--TOPICAL TERM
Topical term or geographic name entry element Real variables
9 (RLIN) 854359
650 ## - SUBJECT ADDED ENTRY--TOPICAL TERM
Topical term or geographic name entry element Mathematics
9 (RLIN) 854360
700 ## - ADDED ENTRY--PERSONAL NAME
Personal name Sherbert, Donald R.
9 (RLIN) 854361
700 ## - ADDED ENTRY--PERSONAL NAME
Personal name Bartle, Robert G.
9 (RLIN) 854358
942 ## - ADDED ENTRY ELEMENTS (KOHA)
Classification part B37 P0
Koha item type Textual
Source of classification or shelving scheme Colon Classification (CC)
Suppress in OPAC No
Holdings
Withdrawn status Lost status Source of classification or shelving scheme Damaged status Not for loan Home library Current library Date acquired Source of acquisition Total Checkouts Full call number Barcode Date last seen Price effective from Koha item type
    Colon Classification (CC)     Central Science Library Central Science Library 2022-09-12 Narosa,   B37 P0 SL1535009 2022-09-12 2022-09-12 Textual
Copyright @ Delhi University Library System